000 00901nam a22002057a 4500
999 _c11827
_d11827
003 AR-CdUCM
008 190405b ||||| |||| 00| 0 spa d
040 _aMUNICIPALIDAD PROVINCIAL DEL CUSCO
_cBIBLIOTECA MUNICIPAL DEL CUSCO
082 _a120 /
_bP19 / 1845
100 _aPalomino, José Mariano
_929385
245 _aCurso de filosofía moderna /
260 _aValparaiso :
_bImpr. del mercurio,
_c1845.
300 _a292 páginas ;
_c20 cm.
505 _aContenido: t.1. Soluciones de los filósofos a la pregunta que es pensar sus fundamentos y su falsedad -- Naturaleza del alma y el cuerpo y opiniones sentidos y modo de aprender con ello -- De la observación inmediata, considerada con el primer medio de llegar a la posesión de la verdad ...
650 _aFilosofía
_9395
650 _aPsicología
_91538
650 _aLógica
_92358
942 _2ddc
_cLIBROS
945 _aacv
_d05/04/2019